|
|
แสดงรายละเอียดบรรณานุกรม |
|
|
Brief Record
: Get Marc (ISO 2709)
: E-mail record
: |
|
|
| LEADER 00000nama 2200000uu 4500 | |||
| 001 191204 | |||
| 003 ULIBM | |||
| 008 040531s2545 th m m a000 0 tha d | |||
| 020 974-86383-8-3 | |||
| 041 tha | |||
| 050 QZ365 ส755ม 2545 | |||
| 100 สุจิรา จรัสศิลป์ | |||
| 245 มะเร็งที่รัก 001 | |||
| 250 2 | |||
| 260 กรุงเทพฯ สหธรรมิก 2545 | |||
| 300 159 หน้า | |||
| 650 มะเร็ง | |||
| 998 2004-09-13 | |||
| คุณยังไม่ได้ล็อกอิน คุณสามารถมีกิจกรรมร่วมกับเว็บไซต์ได้ แต่ต้องล็อกอินก่อน :: |
|
| สถานะ | |||||||||
| 1. | หนังสือทั่วไป | QZ365 ส755ม 2545 | On Shelf ขอยืม | ||||||
| [แสดง 1/1 รายการ] | |||||||||
BibComment |
| คอมเมนท์ทรัพยากรรายการนี้ |
|
|